Country Songs by First Line - Statistics

General Stats
  • This quiz has been taken 13 times
  • The average score is 9 of 16
Answer Stats
Hint Answer % Correct
Last night we let the liquor talk Last Night
90%
Well, way down yonder on the Chattahoochee Chattahoochee
80%
When the sun goes down on my side of town Neon Moon
80%
Heading down south to the land of the pines Wagon Wheel
80%
Right now, he's probably slow dancing Before He Cheats
70%
Every gambler knows that the secret to survivin' The Gambler
70%
Pour me, pour me another drink Whiskey Glasses
70%
I, I hope she makes you smile I Hope
60%
Baby, lay on back and relax Meant to Be
60%
Got a girl from the Southside, got braids in her hair Body like a Back road
50%
Baby you're a song Cruise
50%
Almost Heaven, West Virginia Take Me Home Country Roads
50%
Used to spend my nights out in a barroom Tennessee Whiskey
50%
My baby want a Birkin, she's been tellin' me all night long Tipsy
40%
My girl is bangin', she's so low maintenance Fancy Like
30%
You got a lotta nerve, don't you, baby? I Had Some Help
10%
No matching quizzes found
Score Distribution
Percent of People with Each Score
Percentile by Number Answered
Your Score History
You have not taken this quiz